[Event "SRB-chT2 West"]
[Site "Arandjelovac"]
[Date "2018.09.09"]
[Round "4.5"]
[White "Jovicic, Radosav"]
[Black "Vuckovic, Branko"]
[Result "1-0"]
[WhiteElo "2219"]
[BlackElo "2245"]
[PlyCount "95"]
[EventDate "2018.09.07"]
[EventType "team-tourn"]
[EventRounds "11"]
[EventCountry "SRB"]
[SourceTitle "EXT 2021"]
[Source "ChessBase"]
[SourceDate "2020.10.23"]
[SourceVersion "1"]
[SourceVersionDate "2020.10.23"]
[SourceQuality "1"]
[WhiteTeam "Krusevac"]
[BlackTeam "Ivanjica"]
[WhiteTeamCountry "SRB"]
[BlackTeamCountry "SRB"]

1. d4 Nf6 2. Nf3 d5 3. c4 c6 4. Nc3 a6 5. cxd5 cxd5 6. Bf4 Nc6 7. e3 Bf5 8. Ne5 e6 9. g4 Be4 10. f3 Bg6 11. h4 h5 12. Nxg6 fxg6 13. Bd3 hxg4 14. Bxg6+ Kd7 15. fxg4 Ne8 16. h5 Bd6 17. Bxe8+ Rxe8 18. Bxd6 Kxd6 19. Qb3 b5 20. 0-0-0 Qg5 21. Kb1 Qxg4 22. e4 b4 23. Rhg1 Qxh5 24. e5+ Kd7 25. Nxd5 Qh7+ 26. Ka1 exd5 27. Qxd5+ Kc7 28. Qd6+ Kb7 29. Qd7+ Kb6 30. Rxg7 Qc2 31. Qc7+ Kb5 32. Rgg1 Re7 33. Qd6 Rd8 34. Qf6 Qe4 35. Rc1 Rc7 36. Rc5+ Kb6 37. Rxc6+ Qxc6 38. Qxd8 Ka7 39. Qg5 Qe4 40. Qd2 a5 41. Re1 Qf5 42. d5 Rc2 43. Qd4+ Kb7 44. d6 Re2 45. Qd5+ Kb6 46. Rc1 Qc2 47. Qd4+ Kb7 48. Rd1 1-0

[Event "SRB-chT2 West"]
[Site "Arandjelovac"]
[Date "2018.09.08"]
[Round "2.4"]
[White "Jovicic, Radosav"]
[Black "Jovanovic, Obrad"]
[Result "1-0"]
[WhiteElo "2219"]
[BlackElo "2077"]
[PlyCount "83"]
[EventDate "2018.09.07"]
[EventType "team-tourn"]
[EventRounds "11"]
[EventCountry "SRB"]
[SourceTitle "EXT 2021"]
[Source "ChessBase"]
[SourceDate "2020.10.23"]
[SourceVersion "1"]
[SourceVersionDate "2020.10.23"]
[SourceQuality "1"]
[WhiteTeam "Krusevac"]
[BlackTeam "Aleksandrovac Zupa"]
[WhiteTeamCountry "SRB"]
[BlackTeamCountry "SRB"]

1. d4 d5 2. Nf3 Nf6 3. c4 c6 4. Nc3 dxc4 5. g3 Bf5 6. Bg2 e6 7. Ne5 Bb4 8. Nxc4 Ne4 9. Qb3 a5 10. 0-0 Nd6 11. Nd2 0-0 12. a3 Bxc3 13. bxc3 a4 14. Qa2 Nd7 15. e4 Bg6 16. Bb2 Re8 17. f4 h6 18. Rfe1 Rb8 19. Rad1 Bh5 20. Rc1 Qc7 21. h3 Bg6 22. g4 Bh7 23. e5 Nc8 24. c4 Ne7 25. Kh1 Ng6 26. Rf1 Nh4 27. Be4 f5 28. Bd3 Qd8 29. Qb1 Nf8 30. Kh2 fxg4 31. hxg4 Nhg6 32. Nf3 Nxf4 33. Bxh7+ Nxh7 34. Qe4 Rf8 35. Kg3 b5 36. Bc3 bxc4 37. Bd2 Nd5 38. Rxc4 Rb3 39. Rxc6 Qe7 40. Qg6 Qxa3 41. Qxe6+ Kh8 42. Qxd5 1-0

[Event "Belgrade Letnji Jezero op"]
[Site "Belgrade"]
[Date "2018.08.09"]
[Round "6"]
[White "Jovicic, Radosav"]
[Black "Ostojic, Nikola"]
[Result "1-0"]
[WhiteElo "2217"]
[BlackElo "2443"]
[PlyCount "31"]
[EventDate "2018.08.04"]
[EventType "swiss"]
[EventRounds "9"]
[EventCountry "SRB"]
[SourceTitle "CBM 185 Extra"]
[Source "ChessBase"]
[SourceDate "2018.07.29"]
[SourceVersion "1"]
[SourceVersionDate "2018.07.29"]
[SourceQuality "1"]

1. d4 Nf6 2. Nf3 d6 3. c4 Nbd7 4. Nc3 e5 5. e4 g6 6. Be2 Bg7 7. 0-0 0-0 8. Re1 c6 9. Bf1 exd4 10. Nxd4 Re8 11. Bf4 Ne5 12. Qd2 a6 13. Rad1 Qc7 14. a4 d5 15. Qc2 Nfd7 16. Rd2 1-0

[Event "Belgrade-chT"]
[Site "Belgrade"]
[Date "2016.10.14"]
[Round "6.7"]
[White "Jovicic, Radosav"]
[Black "Kocic, Sasa"]
[Result "0-1"]
[WhiteElo "2184"]
[BlackElo "2218"]
[PlyCount "118"]
[EventDate "2016.10.08"]
[EventType "team-tourn"]
[EventRounds "13"]
[EventCountry "SRB"]
[SourceTitle "EXT 2017"]
[Source "ChessBase"]
[SourceDate "2016.10.25"]
[SourceVersion "1"]
[SourceVersionDate "2016.10.25"]
[SourceQuality "1"]
[WhiteTeam "Lasta"]
[BlackTeam "Belgrade Sigurnost"]
[WhiteTeamCountry "SRB"]
[BlackTeamCountry "SRB"]

1. d4 d5 2. Nf3 Nf6 3. Bf4 e6 4. Nbd2 c5 5. c3 cxd4 6. cxd4 Nc6 7. e3 Be7 8. h3 0-0 9. a3 Qb6 10. b4 Qd8 11. Bd3 Bd7 12. Qb1 a6 13. g4 h6 14. g5 hxg5 15. Nxg5 Nh5 16. Bh7+ Kh8 17. Bg8 f5 18. Nf7+ Rxf7 19. Bxf7 Nxf4 20. exf4 Qf8 21. Bg6 Qf6 22. Rg1 Nxd4 23. Ra2 Ba4 24. Rg3 Bd6 25. Bh5 Bxf4 26. Rg6 Qe5+ 27. Kf1 Be8 28. Qd1 Bxg6 29. Bxg6 Bh6 30. Nf3 Qf6 31. Qxd4 Qxg6 32. Rc2 Qe8 33. Qe5 Rc8 34. Rxc8 Qxc8 35. Nd4 Qc3 36. Kg2 Kh7 37. h4 g6 38. h5 gxh5 39. Qxe6 Qxd4 40. Qxf5+ Kg7 41. Qd7+ Kg6 42. Qxb7 Qg4+ 43. Kf1 Qh3+ 44. Kg1 Qe6 45. b5 Qe1+ 46. Kg2 Qe4+ 47. Kg1 Qb1+ 48. Kg2 Qe4+ 49. Kg1 Qg4+ 50. Kf1 Qc4+ 51. Kg2 axb5 52. Qb8 Qg4+ 53. Kf1 Qh3+ 54. Kg1 Qd7 55. Qa8 h4 56. f3 Be3+ 57. Kg2 h3+ 58. Kh1 Kh7 59. Qb8 Qg7 0-1

[Event "Belgrade Jezero op"]
[Site "Belgrade"]
[Date "2016.08.09"]
[Round "3"]
[White "Tosic, Miroslav"]
[Black "Jovicic, Radosav"]
[Result "1-0"]
[WhiteElo "2388"]
[BlackElo "2213"]
[PlyCount "68"]
[EventDate "2016.08.07"]
[EventType "swiss"]
[EventRounds "9"]
[EventCountry "SRB"]
[SourceTitle "EXT 2017"]
[Source "ChessBase"]
[SourceDate "2016.10.25"]
[SourceVersion "1"]
[SourceVersionDate "2016.10.25"]
[SourceQuality "1"]

1. Nf3 Nf6 2. g3 g6 3. Bg2 Bg7 4. 0-0 0-0 5. c4 a6 6. Nc3 c6 7. d3 d5 8. cxd5 cxd5 9. d4 e6 10. Ne5 Nc6 11. f4 Bd7 12. Be3 Ne8 13. Bf2 f5 14. Kh1 Nf6 15. Rc1 Ne4 16. Be1 Nxc3 17. Bxc3 Nxe5 18. dxe5 Bb5 19. Bb4 Rf7 20. Qd2 Bf8 21. Bxf8 Qxf8 22. Bf3 Rc8 23. Qa5 Rc5 24. Qb6 Rc6 25. Rxc6 Bxc6 26. Rc1 Re7 27. Kg1 g5 28. e3 h6 29. Bd1 Rg7 30. Bb3 gxf4 31. exf4 Qf7 32. Bd1 Qg6 33. a4 Kh7 34. b4 Be8 1-0

[Event "Senta op 20th"]
[Site "Senta"]
[Date "2016.07.27"]
[Round "7"]
[White "Ivanov, Mikhail M"]
[Black "Jovicic, Radosav"]
[Result "1-0"]
[WhiteElo "2400"]
[BlackElo "2202"]
[PlyCount "55"]
[EventDate "2016.07.22"]
[EventType "swiss"]
[EventRounds "9"]
[EventCountry "SRB"]
[SourceTitle "EXT 2017"]
[Source "ChessBase"]
[SourceDate "2016.10.25"]
[SourceVersion "1"]
[SourceVersionDate "2016.10.25"]
[SourceQuality "1"]

1. d4 Nf6 2. c4 g6 3. Nc3 Bg7 4. e4 0-0 5. Be2 d6 6. Bg5 a6 7. Qd2 Nc6 8. d5 Ne5 9. Bh6 c6 10. Bxg7 Kxg7 11. f4 Ned7 12. g4 cxd5 13. cxd5 Qa5 14. g5 Ne8 15. Nf3 b5 16. Nd4 Bb7 17. h4 Nc7 18. h5 b4 19. Nb3 Qb6 20. Na4 Qa7 21. Qxb4 e6 22. Qc3+ e5 23. Qxc7 Qe3 24. Qxd7 Qxe4 25. Rf1 Bxd5 26. Qxd6 Qxa4 27. h6+ Kh8 28. Qf6+ 1-0

[Event "Senta op 20th"]
[Site "Senta"]
[Date "2016.07.24"]
[Round "4"]
[White "Jovicic, Radosav"]
[Black "Meszaros, Bela"]
[Result "1-0"]
[WhiteElo "2202"]
[BlackElo "2232"]
[PlyCount "83"]
[EventDate "2016.07.22"]
[EventType "swiss"]
[EventRounds "9"]
[EventCountry "SRB"]
[SourceTitle "EXT 2017"]
[Source "ChessBase"]
[SourceDate "2016.10.25"]
[SourceVersion "1"]
[SourceVersionDate "2016.10.25"]
[SourceQuality "1"]

1. d4 Nf6 2. Nf3 g6 3. c4 Bg7 4. Nc3 0-0 5. Bg5 h6 6. Bh4 c5 7. d5 d6 8. h3 Na6 9. e4 Nc7 10. a4 Bd7 11. Bg3 b6 12. Be2 a6 13. e5 dxe5 14. Nxe5 Nce8 15. 0-0 Nd6 16. Bd3 Bf5 17. Re1 Re8 18. Bh2 Bxd3 19. Qxd3 Nf5 20. Nc6 Qd7 21. Rad1 Nh7 22. a5 bxa5 23. Na4 Qb7 24. Nxc5 Qxb2 25. g4 Nh4 26. Bg3 g5 27. Nxe7+ Kh8 28. d6 Qb4 29. Nd7 Nf6 30. Ne5 Rf8 31. Bxh4 gxh4 32. Nf5 Qc5 33. Qe3 Qb4 34. Nxg7 Kxg7 35. c5 Ne8 36. Nd7 Rg8 37. Qe5+ Kh7 38. Qf5+ Kg7 39. Re7 Qb3 40. Rd5 Kh8 41. Rxf7 Ng7 42. Nf6 1-0

[Event "Senta op 20th"]
[Site "Senta"]
[Date "2016.07.23"]
[Round "3"]
[White "Markovic, Miroslav"]
[Black "Jovicic, Radosav"]
[Result "1/2-1/2"]
[WhiteElo "2469"]
[BlackElo "2202"]
[PlyCount "139"]
[EventDate "2016.07.22"]
[EventType "swiss"]
[EventRounds "9"]
[EventCountry "SRB"]
[SourceTitle "EXT 2017"]
[Source "ChessBase"]
[SourceDate "2016.10.25"]
[SourceVersion "1"]
[SourceVersionDate "2016.10.25"]
[SourceQuality "1"]

1. e4 g6 2. d4 Bg7 3. c3 d5 4. exd5 Qxd5 5. Nf3 Nf6 6. Be2 0-0 7. 0-0 e6 8. Bf4 Qd8 9. c4 Qe7 10. Nc3 Rd8 11. Re1 Nh5 12. Be3 c5 13. d5 Nc6 14. Nd2 Nb4 15. Bxh5 gxh5 16. d6 Qxd6 17. Nde4 Qf8 18. Qxh5 b6 19. Qh4 f5 20. Bg5 Rd4 21. Be7 Qf7 22. Nf6+ Bxf6 23. Qxf6 Qxf6 24. Bxf6 Rxc4 25. Rad1 Kf7 26. b3 Rg4 27. f3 Rg8 28. Be5 Nc6 29. Nb5 Nxe5 30. Rxe5 Kf6 31. Rde1 Rg7 32. Nd6 Bd7 33. Kf2 h5 34. g3 Rag8 35. R5e3 h4 36. g4 fxg4 37. Ne4+ Ke7 38. Nc3 g3+ 39. hxg3 hxg3+ 40. Kg1 g2 41. R1e2 Kd8 42. a3 Bc6 43. Rf2 Rf7 44. b4 cxb4 45. axb4 Rgf8 46. Kxg2 Rf4 47. b5 Bd7 48. Ra2 Rg8+ 49. Kf2 Rb4 50. Rxa7 Rb2+ 51. Kf1 Rg7 52. Rd3 Kc8 53. Rd4 Rc2 54. Ra8+ Kb7 55. Rda4 Kc7 56. R8a7+ Kd8 57. Ra3 Rxc3 58. Rxd7+ Kxd7 59. Rxc3 Rg5 60. Rb3 Kd6 61. Kf2 Kc5 62. Re3 e5 63. Rb3 Kd4 64. Rb4+ Kc5 65. Rb1 Rf5 66. Ke3 Rf4 67. Rb2 Ra4 68. Rb1 Kd5 69. Rd1+ Kc5 70. Rb1 1/2-1/2

[Event "Belgrade-ch"]
[Site "Belgrade"]
[Date "2016.01.29"]
[Round "7"]
[White "Jovicic, Radosav"]
[Black "Stefanovic, Ognjen"]
[Result "1/2-1/2"]
[WhiteElo "2226"]
[BlackElo "1898"]
[PlyCount "58"]
[EventDate "2016.01.23"]
[EventType "swiss"]
[EventRounds "9"]
[EventCountry "SRB"]
[SourceTitle "EXT 2017"]
[Source "ChessBase"]
[SourceDate "2016.10.25"]
[SourceVersion "1"]
[SourceVersionDate "2016.10.25"]
[SourceQuality "1"]

1. d4 Nf6 2. Qd3 g6 3. e4 d6 4. h4 Bg7 5. h5 Nxh5 6. Nc3 e5 7. d5 f5 8. exf5 Bxf5 9. Qd1 Nf6 10. Bg5 c5 11. Bxf6 Qxf6 12. g4 Bd7 13. Ne4 Qe7 14. Qf3 b5 15. a4 bxa4 16. Nh3 h6 17. Bd3 a5 18. 0-0-0 Na6 19. Nd2 Qf7 20. Qe2 Nc7 21. Nc4 Qf6 22. f4 0-0 23. fxe5 dxe5 24. Be4 Nb5 25. d6 Nd4 26. Qg2 Rab8 27. g5 Bxh3 28. Rxh3 Qf4+ 29. Kb1 Qf2 1/2-1/2

[Event "Belgrade Jezero op"]
[Site "Belgrade"]
[Date "2015.08.10"]
[Round "3"]
[White "Jovicic, Radosav"]
[Black "Sarovski, Nikola"]
[Result "1-0"]
[WhiteElo "2207"]
[BlackElo "1898"]
[PlyCount "55"]
[EventDate "2015.08.08"]
[EventType "swiss"]
[EventRounds "9"]
[EventCountry "SRB"]
[SourceTitle "EXT 2016"]
[Source "ChessBase"]
[SourceDate "2015.10.08"]
[SourceVersion "1"]
[SourceVersionDate "2015.10.08"]
[SourceQuality "1"]

1. d4 d6 2. Nc3 Nd7 3. e4 e5 4. Bc4 g6 5. Nf3 Bg7 6. h4 Ngf6 7. h5 Nxh5 8. Ng5 0-0 9. Rxh5 gxh5 10. Qxh5 Nf6 11. Bxf7+ Kh8 12. Qh1 Bg4 13. dxe5 dxe5 14. f3 Qd7 15. Bg6 h5 16. fxg4 Qxg4 17. Ne2 Nxe4 18. Bxe4 Bh6 19. Bf3 Qb4+ 20. c3 Qb6 21. Qxh5 Kg7 22. Qg4 Kh8 23. Qe4 Bxg5 24. Bxg5 Rae8 25. 0-0-0 Kg8 26. Rd7 Rf7 27. Rxf7 Kxf7 28. Bh5+ 1-0

[Event "Vojvodina-ch 6th"]
[Site "Novi Sad"]
[Date "2015.07.30"]
[Round "8"]
[White "Costachi, Mihnea"]
[Black "Jovicic, Radosav"]
[Result "1-0"]
[WhiteElo "2360"]
[BlackElo "2207"]
[PlyCount "49"]
[EventDate "2015.07.25"]
[EventType "swiss"]
[EventRounds "9"]
[EventCountry "YUG"]
[SourceTitle "CBM 167 Extra"]
[Source "ChessBase"]
[SourceDate "2015.09.14"]
[SourceVersion "1"]
[SourceVersionDate "2015.09.14"]
[SourceQuality "1"]

1. d4 Nf6 2. c4 g6 3. Nc3 Bg7 4. e4 0-0 5. Be2 d6 6. Bg5 a6 7. f4 h6 8. Bh4 Nh7 9. Nf3 Bg4 10. 0-0 Nc6 11. d5 Bxf3 12. Rxf3 Nd4 13. Rd3 Nxe2+ 14. Qxe2 f6 15. Bf2 g5 16. f5 Qe8 17. Nd1 a5 18. Ne3 Qd8 19. b4 b6 20. Rb1 Qd7 21. Rdb3 Qe8 22. g4 Qd7 23. Qd2 Rac8 24. bxa5 bxa5 25. Qxa5 1-0

[Event "Vojvodina-ch 6th"]
[Site "Novi Sad"]
[Date "2015.07.28"]
[Round "6"]
[White "Nestorovic, Lazar"]
[Black "Jovicic, Radosav"]
[Result "0-1"]
[WhiteElo "2337"]
[BlackElo "2207"]
[PlyCount "116"]
[EventDate "2015.07.25"]
[EventType "swiss"]
[EventRounds "9"]
[EventCountry "YUG"]
[SourceTitle "CBM 167 Extra"]
[Source "ChessBase"]
[SourceDate "2015.09.14"]
[SourceVersion "1"]
[SourceVersionDate "2015.09.14"]
[SourceQuality "1"]

1. e4 c5 2. Nf3 e6 3. d4 cxd4 4. Nxd4 a6 5. Nc3 Qc7 6. Bd3 Nc6 7. Nb3 Nf6 8. 0-0 b5 9. Qe2 Be7 10. f4 d6 11. Bd2 0-0 12. Rae1 b4 13. Nd1 e5 14. Ne3 Be6 15. f5 Bc8 16. Nd5 Qd8 17. Nxe7+ Qxe7 18. g4 Ne8 19. g5 Qd8 20. Qh5 a5 21. Rf3 Ra7 22. Rh3 h6 23. Bc4 Kh8 24. Rh4 Ne7 25. Bxf7 Nxf5 26. exf5 Rfxf7 27. gxh6 g6 28. fxg6 Rf5 29. g7+ Kh7 30. Rg4 Nf6 31. Qg6+ Kg8 32. Nd4 Rh5 33. Rg3 Rf7 34. Bg5 Qb6 35. c3 bxc3 36. bxc3 Qb2 37. Qc2 Qxc2 38. Nxc2 Nh7 39. Bd2 Bb7 40. Rb1 Nf6 41. Be1 Rxh6 42. Rb6 Nd5 43. Rb5 Nf4 44. Rxb7 Rxb7 45. Ne3 Ne2+ 46. Kg2 Nxg3 47. Bxg3 Kxg7 48. Nf5+ Kh7 49. a4 Rf6 50. Ne3 Rb2+ 51. Kh3 Ra2 52. Nd5 Rh6+ 53. Kg4 Rxa4+ 54. Kf5 Ra1 55. c4 a4 56. c5 dxc5 57. Bxe5 Rh5+ 58. Ke6 Re1 0-1

[Event "Vojvodina-ch 6th"]
[Site "Novi Sad"]
[Date "2015.07.26"]
[Round "3"]
[White "Jovicic, Radosav"]
[Black "Maryasin, Boris Feliksovich"]
[Result "1-0"]
[WhiteElo "2207"]
[BlackElo "2332"]
[PlyCount "99"]
[EventDate "2015.07.25"]
[EventType "swiss"]
[EventRounds "9"]
[EventCountry "YUG"]
[SourceTitle "CBM 167 Extra"]
[Source "ChessBase"]
[SourceDate "2015.09.14"]
[SourceVersion "1"]
[SourceVersionDate "2015.09.14"]
[SourceQuality "1"]

1. d4 d5 2. Nf3 Nf6 3. c4 dxc4 4. Qa4+ c6 5. Qxc4 Bf5 6. g3 e6 7. Bg2 Be7 8. 0-0 0-0 9. Nc3 Nbd7 10. e3 h6 11. Qe2 Ne4 12. Rd1 Qa5 13. Bd2 Nxd2 14. Nxd2 Rad8 15. a3 Qc7 16. Rac1 Qb8 17. e4 Bh7 18. d5 exd5 19. exd5 Rfe8 20. Qf1 Ne5 21. Nc4 Ng4 22. h3 Nf6 23. dxc6 bxc6 24. b4 c5 25. b5 Rd4 26. Ne3 Bf8 27. Nc2 Rxd1 28. Nxd1 Ne4 29. Nce3 Rd8 30. Nc3 Nd2 31. Qe2 Nb3 32. Rd1 Rd4 33. Bd5 Rxd1+ 34. Qxd1 Nd4 35. Qf1 Qe5 36. Qc4 Bg6 37. Kg2 Bd6 38. a4 h5 39. h4 Qe7 40. a5 Bc7 41. Qa2 Bd3 42. Nc4 Qe1 43. Nd2 Bg6 44. b6 axb6 45. axb6 Bb8 46. Be4 Kh7 47. Bxg6+ Kxg6 48. Nde4 f5 49. Ng5 Qe7 50. Qg8 1-0

[Event "Senta op 18th"]
[Site "Senta"]
[Date "2014.07.26"]
[Round "9"]
[White "Jovicic, Radosav"]
[Black "Andrijevic, Milan"]
[Result "0-1"]
[WhiteElo "2141"]
[BlackElo "2336"]
[PlyCount "80"]
[EventDate "2014.07.19"]
[EventType "swiss"]
[EventRounds "9"]
[EventCountry "SRB"]
[SourceTitle "CBM 161 Extra"]
[Source "ChessBase"]
[SourceDate "2014.08.29"]
[SourceVersion "1"]
[SourceVersionDate "2014.08.29"]
[SourceQuality "1"]

1. Nf3 Nf6 2. g3 e6 3. Bg2 d5 4. 0-0 c5 5. d3 Nc6 6. Nbd2 Be7 7. e4 Qc7 8. Re1 b6 9. Ng5 h6 10. Nh3 dxe4 11. dxe4 e5 12. c3 Be6 13. f4 Rd8 14. f5 Bc8 15. Qe2 Nb8 16. a4 Ba6 17. Nc4 0-0 18. Bf1 Bxc4 19. Qxc4 Nc6 20. Qa2 Na5 21. b3 c4 22. b4 Nb3 23. Rb1 Rc8 24. Nf2 Nxc1 25. Rexc1 a6 26. Qc2 b5 27. a5 Qa7 28. Qe2 Rfd8 29. Rd1 Rd3 30. Rxd3 cxd3 31. Qxd3 Ng4 32. Rb2 Bg5 33. Kg2 Ne3+ 34. Kg1 Rd8 35. Qe2 Nd1 36. Rc2 Nxf2 37. Kg2 Nd1 38. h4 Ne3+ 39. Kh2 Nxc2 40. hxg5 Na3 0-1

[Event "Senta op 18th"]
[Site "Senta"]
[Date "2014.07.25"]
[Round "8"]
[White "Kumic, Filip"]
[Black "Jovicic, Radosav"]
[Result "0-1"]
[WhiteElo "2248"]
[BlackElo "2141"]
[PlyCount "114"]
[EventDate "2014.07.19"]
[EventType "swiss"]
[EventRounds "9"]
[EventCountry "SRB"]
[SourceTitle "CBM 161 Extra"]
[Source "ChessBase"]
[SourceDate "2014.08.29"]
[SourceVersion "1"]
[SourceVersionDate "2014.08.29"]
[SourceQuality "1"]

1. d4 Nf6 2. Nf3 g6 3. c4 Bg7 4. Nc3 0-0 5. e4 d6 6. Be2 Nbd7 7. 0-0 e5 8. Re1 c6 9. Bf1 a5 10. Rb1 Re8 11. d5 cxd5 12. cxd5 Nc5 13. Nd2 Rf8 14. Nc4 Ne8 15. Be3 Bd7 16. Nxd6 Nxd6 17. Bxc5 Qb8 18. Bb6 f5 19. f3 f4 20. a4 g5 21. Rc1 Rf6 22. Bc5 Bf8 23. g4 fxg3 24. hxg3 Qe8 25. Be3 Rg6 26. b3 Be7 27. Qd2 Qf7 28. Qg2 Rf8 29. Be2 h5 30. Rf1 Qe8 31. Nb1 b5 32. axb5 Bxb5 33. Nd2 Bxe2 34. Qxe2 Nb5 35. Nc4 Bb4 36. Qb2 Nd4 37. Bxd4 exd4 38. Qxd4 g4 39. f4 h4 40. Ne5 Rg7 41. Nd3 hxg3 42. Kg2 Rh7 43. Rh1 Rh3 44. Rc7 Qg6 45. Qe5 Bd6 46. Rc6 Qh7 47. Qe6+ Kh8 48. Qxd6 Rh2+ 49. Kf1 Rxh1+ 50. Ke2 Qxe4+ 51. Kd2 Rh2+ 52. Kc3 Kg8 53. Qg6+ Qxg6 54. Rxg6+ Kh7 55. Rxg4 Rg8 56. Rxg8 Kxg8 57. d6 Kf8 0-1

[Event "Vojvodina-ch 5th"]
[Site "Novi Sad"]
[Date "2014.07.17"]
[Round "7"]
[White "Jovicic, Radosav"]
[Black "Ljubinkovic, Miodrag"]
[Result "0-1"]
[WhiteElo "2141"]
[BlackElo "2254"]
[PlyCount "56"]
[EventDate "2014.07.12"]
[EventType "swiss"]
[EventRounds "9"]
[EventCountry "YUG"]
[SourceTitle "CBM 161 Extra"]
[Source "ChessBase"]
[SourceDate "2014.08.29"]
[SourceVersion "1"]
[SourceVersionDate "2014.08.29"]
[SourceQuality "1"]

1. d4 d5 2. e3 Nf6 3. Bd3 c6 4. Nd2 Bg4 5. Ne2 e6 6. c3 Nbd7 7. f3 Bh5 8. Nf4 Bg6 9. Nxg6 hxg6 10. e4 dxe4 11. Nxe4 Nxe4 12. fxe4 Qa5 13. g3 Qd8 14. 0-0 Be7 15. e5 Bg5 16. Qf3 Rf8 17. b4 Bxc1 18. Raxc1 Qb6 19. Kh1 0-0-0 20. a4 Qc7 21. a5 f6 22. a6 fxe5 23. axb7+ Kb8 24. Qe3 Rf6 25. Ra1 exd4 26. cxd4 Qxb7 27. Rfc1 Nb6 28. b5 cxb5+ 0-1

[Event "Vojvodina-ch 5th"]
[Site "Novi Sad"]
[Date "2014.07.15"]
[Round "5"]
[White "Jovicic, Radosav"]
[Black "Stocko, Josip"]
[Result "1/2-1/2"]
[WhiteElo "2141"]
[BlackElo "2269"]
[PlyCount "77"]
[EventDate "2014.07.12"]
[EventType "swiss"]
[EventRounds "9"]
[EventCountry "YUG"]
[SourceTitle "CBM 161 Extra"]
[Source "ChessBase"]
[SourceDate "2014.08.29"]
[SourceVersion "1"]
[SourceVersionDate "2014.08.29"]
[SourceQuality "1"]

1. d4 Nf6 2. Nf3 e6 3. c4 Bb4+ 4. Nbd2 0-0 5. a3 Be7 6. e4 d5 7. e5 Nfd7 8. cxd5 exd5 9. Bd3 c5 10. h4 g6 11. h5 cxd4 12. hxg6 fxg6 13. Qc2 Qe8 14. Qb3 Qf7 15. Bb1 Nc5 16. Qd1 a5 17. 0-0 Nc6 18. Ba2 Bg4 19. e6 Qxe6 20. Re1 Qd7 21. Nf1 Bxf3 22. gxf3 Kh8 23. Bh6 Rf7 24. b4 axb4 25. axb4 Ne6 26. b5 Nb4 27. Bb3 Rxa1 28. Qxa1 Bf8 29. Bxf8 Rxf8 30. Rxe6 Qxe6 31. Qxd4+ Qf6 32. Qxb4 Qxf3 33. Qd4+ Qf6 34. Qxf6+ Rxf6 35. Bxd5 b6 36. Ne3 Rf8 37. Bc6 Kg7 38. Nd5 Rb8 39. Kg2 1/2-1/2

[Event "Belgrade Trophy 27th"]
[Site "Obrenovac"]
[Date "2013.11.25"]
[Round "2"]
[White "Jovanovic, Dusan D"]
[Black "Jovicic, Radosav"]
[Result "1-0"]
[WhiteElo "2428"]
[BlackElo "2189"]
[PlyCount "75"]
[EventDate "2013.11.24"]
[EventType "swiss"]
[EventRounds "9"]
[EventCountry "SRB"]
[SourceTitle "CBM 157 Extra"]
[Source "ChessBase"]
[SourceDate "2013.12.19"]
[SourceVersion "1"]
[SourceVersionDate "2013.12.19"]
[SourceQuality "1"]

1. Nf3 Nf6 2. b3 g6 3. Bb2 Bg7 4. g3 0-0 5. Bg2 d6 6. d4 e5 7. dxe5 Nfd7 8. 0-0 Nc6 9. Qc1 Ndxe5 10. Nbd2 Re8 11. Nxe5 Bxe5 12. Bxe5 Rxe5 13. e4 Bg4 14. Qb2 Qd7 15. Nc4 Be2 16. Nxe5 Nxe5 17. Rfe1 Bg4 18. Qc3 c5 19. f3 Bh3 20. Rad1 Rd8 21. Qd2 Qc8 22. Re3 Be6 23. Qf2 b5 24. Re2 b4 25. f4 Ng4 26. Qe1 h5 27. h3 Nf6 28. Kh2 Ne8 29. Qf2 Nc7 30. f5 gxf5 31. Qf4 Ne8 32. exf5 Bxf5 33. Bd5 Bg6 34. Re7 Ng7 35. Bxf7+ Kh7 36. Qf6 Bxf7 37. Qxf7 Rg8 38. Qxh5# 1-0

[Event "Branicevo Region-chB 1st"]
[Site "Pozarevac"]
[Date "2012.12.21"]
[Round "1"]
[White "Jovicic, Radosav"]
[Black "Ruvidic, Petar"]
[Result "1-0"]
[WhiteElo "2196"]
[BlackElo "1577"]
[PlyCount "71"]
[EventDate "2012.12.21"]
[EventType "swiss"]
[EventRounds "5"]
[EventCountry "SRB"]
[SourceTitle "EXT 2014"]
[Source "ChessBase"]
[SourceDate "2013.11.20"]
[SourceVersion "1"]
[SourceVersionDate "2013.11.20"]
[SourceQuality "1"]

1. Nf3 d5 2. d4 Nf6 3. c4 e6 4. Nc3 c6 5. Qc2 Nbd7 6. cxd5 exd5 7. Bf4 Nb6 8. e3 Bd6 9. Bg5 h6 10. Bh4 g5 11. Bg3 Bxg3 12. hxg3 Be6 13. Nxg5 Qe7 14. Nxe6 Qxe6 15. Bd3 Nc8 16. Bf5 Qe7 17. 0-0-0 Nd6 18. Bh3 Nde4 19. Nxe4 Nxe4 20. Bf5 Nd6 21. Rh5 Qf6 22. Rdh1 Ke7 23. Bg4 Rag8 24. Re5+ Kf8 25. Bf3 Rg5 26. Rxg5 Qxg5 27. Qc5 Ke7 28. Rh5 Qg6 29. e4 Kd7 30. exd5 Rc8 31. dxc6+ bxc6 32. Qxa7+ Rc7 33. Bxc6+ Kxc6 34. Rc5+ Kd7 35. Qxc7+ Ke6 36. Re5+ 1-0

[Event "Belgrade Spring op"]
[Site "Belgrade"]
[Date "2012.03.30"]
[Round "7"]
[White "Draskovic, Milan"]
[Black "Jovicic, Radosav"]
[Result "0-1"]
[WhiteElo "2004"]
[BlackElo "2188"]
[PlyCount "100"]
[EventDate "2012.03.24"]
[EventType "swiss"]
[EventRounds "9"]
[EventCountry "SRB"]
[SourceTitle "CBM 147 Extra"]
[Source "ChessBase"]
[SourceDate "2012.04.24"]
[SourceVersion "1"]
[SourceVersionDate "2012.04.24"]
[SourceQuality "1"]

1. e4 c5 2. Nf3 a6 3. c4 e6 4. Nc3 Qc7 5. g3 Nc6 6. Bg2 g6 7. 0-0 Bg7 8. d3 Nge7 9. Re1 d6 10. Bg5 h6 11. Be3 Nd4 12. Qd2 Rb8 13. h4 b5 14. h5 g5 15. cxb5 axb5 16. Bxd4 cxd4 17. Ne2 e5 18. Rec1 Qd8 19. Qc2 Bg4 20. Qc7 0-0 21. Qxd8 Rfxd8 22. Rc7 Bf8 23. Kf1 Bxh5 24. Nd2 Bg4 25. f3 Be6 26. g4 Rdc8 27. Rac1 Rxc7 28. Rxc7 d5 29. Nc1 Ng6 30. Kf2 Nf4 31. Bf1 Bd6 32. Rc6 Bb4 33. Ndb3 Kg7 34. Nc5 Bxc5 35. Rxc5 b4 36. b3 Rh8 37. Kg3 h5 38. exd5 h4+ 39. Kf2 Bxd5 40. Bg2 f6 41. Rc7+ Kg6 42. Bh1 Rb8 43. Ke1 f5 44. Ne2 fxg4 45. Nxf4+ exf4 46. fxg4 Bxh1 47. Rc4 h3 48. Rxd4 h2 49. Rd6+ Kg7 50. Rd7+ Kg8 0-1